000 01280nam a2200313 4500
003 OSt
005 20260530113922.0
008 260520b1983 mx a|||| |||| 00| 0 spa d
040 _aICI
_bspa
_cICI
050 _aTS1
_b.T56 1983
100 _eautor
110 2 _aUniversidad Nacional Autónoma de México,
_eeditor corporativo.
_99884
245 1 3 _aLa tinta verde :
_brevista de diseño industrial.
264 _aMéxico :
_bUniversidad Nacional Autónoma de México,
_c1983.
300 _a47 páginas.
336 _2rdacontent
_atexto
337 _2rdamedia
_asin medio
338 _2rdacarrier
_avolumen
500 _aRevista académica dedicada al diseño industrial y temas tecnológicos relacionados.
610 _aUniversidad Nacional Autónoma de México
_vPublicaciones periódicas.
_934711
650 4 _aDiseño industrial
_vPublicaciones periódicas.
_934712
650 4 _aDiseño industrial
_zMéxico.
650 4 _aDiseño de productos
_vPublicaciones periódicas.
_934713
650 4 _aTecnología industrial
_vPublicaciones periódicas.
_934714
650 4 _aUniversidades
_vPublicaciones periódicas.
_zMéxico
_934715
651 _aMéxico
_xVida intelectual.
_921233
710 _aUniversidad Nacional Autónoma de México,
_eeditor.
_99884
942 _2lcc
_n0
_cBK
999 _c12472
_d12472